书目信息 |
| 题名: |
科学技术进步的预测
|
|
| 作者: | 雅姆波利斯基 , 利西奇金 著 ;潘天虹 译 | |
| 分册: | ||
| 出版信息: | 上海 上海科学技术文献出版社 1984 |
|
| 页数: | 167页 | |
| 开本: | 19cm | |
| 丛书名: | ||
| 单 册: | ||
| 中图分类: | G303 | |
| 科图分类: | ||
| 主题词: | 科学预测 | |
| 电子资源: | ||
| ISBN: | ||
| 000 | 01013nam0 2200289 45 | |
| 001 | 0184004733 | |
| 005 | 20040505162942.6 | |
| 010 | @dCNY0.72 | |
| 091 | @a17192.76 | |
| 100 | @a19951002d1984 em y0chiy0121 ea | |
| 101 | 1 | @achi@crus |
| 102 | @aCN@b310000 | |
| 105 | @ay z 000yy | |
| 106 | @ar | |
| 200 | 10 | @a科学技术进步的预测@Ake xue ji shu jin bu de yu ce@f(苏)С.М.雅姆波利斯基,В.А.利西奇金著@g潘天虹等译 |
| 210 | @a上海@c上海科学技术文献出版社@d1984 | |
| 215 | @a167页@d19cm | |
| 300 | @a书名原文:Прогнозирование научно-технического прогресса | |
| 510 | 1 | @aПрогнозирование научно-технического прогресса@zrus |
| 606 | @a科学预测 | |
| 690 | @aG303@v3 | |
| 701 | 1 | @a雅姆波利斯基@Aya mu bo li si ji@bС.М.@4著 |
| 701 | 1 | @a利西奇金@Ali xi qi jin@bВ.А.@4著 |
| 702 | 0 | @a潘天虹@Apan tian hong@4译 |
| 801 | 0 | @aCN@b上海图书馆@c20040505 |
| 801 | 2 | @aCN@bNLC@c20040505 |
| 905 | @f1@b126623@dG303@e11 | |
| 科学技术进步的预测/(苏)С.М.雅姆波利斯基,В.А.利西奇金著/潘天虹等译.-上海:上海科学技术文献出版社,1984 |
| 167页;19cm |
| 书名原文:Прогнозирование научно-технического прогресса |
| ISBN :CNY0.72 |
| ● |
| 相关链接 |
|
|
|
|
正题名:科学技术进步的预测
索取号:G303/11
 
预约/预借
| 序号 | 登录号 | 条形码 | 馆藏地/架位号 | 状态 | 备注 |
| 1 | 0126623 | 000989238 | 密集书库/ [索取号:G303/11] | 在馆 | |
| 2 | 0126624 | 000989229 | 第一样本阅览室/ [索取号:G303/11] | 在馆 |